1601 1559 1132 1533 1688 1210 1419 1383 1160 1406 1620 1927 1263 1047 1902 1339 1595 1663 1181 1958 1234 1147 1740 1377 1162 1166 1764 1086 1524 1740 1279 1930 1977 1602 1787 1026 1727 1674 1704 1366 1836 1649 1626 1625 1871 1576 1443 1023 1096 1578 1184 1905 1779 1378 1631 1348 1277 1064 1733 1052 1054 1753 1133 1919 1401 1113 1100 1498 1597 1360 1620 1694 1705 1800 1448 1041 1480 1000 1570 1843 1415 1557 1975 1395 1931 1801 1464 1448 1252 1607 1098 1203 1442 1191 1123 1984 1991 1054 1596 BCNSPRNW ULIB Ver.6.0+V

เปลี่ยนเป็นภาษาไทย

Change to English
 แสดงรายละเอียดบรรณานุกรม
  กลับหน้าหลัก

Brief Record : Get Marc (ISO 2709) : E-mail record : QR code < ปิดหน้าต่าง
LEADER : 00000nam 2200000uu 4500
001    13399123227
003     ULIB
008    020711s2553 th a 000 0 tha d
050 14 LB1027^bส111ค
110    กระทรวงการท่องเที่ยวและกีฬา.^bกรมพลศึกษา.^bสถาบันพัฒนาบุคลากรการพลศึกษาและการกีฬา.
245    คู่มือผู้ตัดสินกีฬาวอลเลย์บอลชายหาด/^cสถาบันพัฒนาบุคลากรการพลศึกษาและการกีฬา
260    กรุงเทพฯ :^bโรงพิมพ์สหกรณ์การเกษตรแห่งประเทศไทย,^c2553
300    133 หน้า;^b26 ซม.
650    วอลเลย์บอลชายหาด
945    ^p0^l0^i20358
999    ^aทศพร เกษรทอง
รายการนี้ยังไม่มีแท็ก
คุณยังไม่ได้ล็อกอิน คุณสามารถมีกิจกรรมร่วมกับเว็บไซต์ได้ แต่ต้องล็อกอินก่อน ::
  ล็อกอิน

รายการสื่อสารสนเทศ

ลำดับที่ ประเภท เลขเรียก/บาร์โค้ด สถานที่ สถานะ
1. การศึกษาทั่วไป
การศึกษาทั่วไป
LB1027 ส111ค ฉ.1 
  Barcode: 20358
ห้องสมุดวิทยาเขตนครสวรรค์
►หนังสือทั่วไป:l:General Books
บนชั้น
Note:อภินันทนาการ

รายการใกล้เคียง
    หัวเรื่อง [วอลเลย์บอลชายหาด]

BibComment


ยังไม่เคยถูกคอมเมนท์

คอมเมนท์ทรัพยากรรายการนี้
  คอมเมนท์: คู่มือผู้ตัดสินกี..


 Copyright 2026. Bcnsprnw @Library